000 00486cam a2200193ua 4500
001 4017
005 20260515113753.0
008 111213n ii |||gr||||Z||||||asm
040 _cMAIN
082 _a891.4511
100 _aBhagawati, Jyotshna Devi,
245 1 1 _aAnubhutir suti
_cby Jyotshna Devi Bhagawati
250 _a1st.
260 _aGuwahati:
_bLakhika samaruh samittee,
_c2001.
300 _a30p:
_c23cm.
653 _aAssamese poem
653 _aAnubhutir suti
942 _cBK
999 _c3837
_d3837